Online
Catalog

Somos : (Record no. 60793)

MARC details
000 -CABECERA
campo de control de longitud fija 01028nas a2200277 i 4500
003 - IDENTIFICADOR DEL NÚMERO DE CONTROL
campo de control DO-SdBNP
005 - FECHA Y HORA DE LA ÚLTIMA TRANSACCIÓN
campo de control 20260520120100.0
007 - CAMPO FIJO DE DESCRIPCIÓN FÍSICA--INFORMACIÓN GENERAL
campo de control de longitud fija ta
008 - DATOS DE LONGITUD FIJA--INFORMACIÓN GENERAL
campo de control de longitud fija 260520e2015 dr qn|p|r||||||0| |0spa d
040 ## - FUENTE DE LA CATALOGACIÓN
Centro catalogador/agencia de origen DO-SdBNP
Lengua de catalogación spa
Centro/agencia transcriptor BNPHU
Normas de descripción rda
041 ## - CÓDIGO DE LENGUA
Código de lengua del texto/banda sonora o título independiente spa
110 ## - ENTRADA PRINCIPAL--NOMBRE DE ENTIDAD CORPORATIVA
Nombre de entidad corporativa o nombre de jurisdicción como elemento de entrada Creartex
9 (RLIN) 89676
245 ## - MENCIÓN DE TÍTULO
Título Somos :
Resto del título gastronomía, salud y bienestar /
Mención de responsabilidad, etc. Creartex.
264 ## - PRODUCCIÓN, PUBLICACIÓN, DISTRIBUCIÓN, FABRICACIÓN Y COPYRIGHT
Producción, publicación, distribución, fabricación y copyright Santo Domingo , República Dominicana :
Nombre del de productor, editor, distribuidor, fabricante Creartex.
Fecha de producción, publicación, distribución, fabricación o copyright 2015.
300 ## - DESCRIPCIÓN FÍSICA
Extensión volumen :
Otras características físicas ilustraciones, fotografías, mapas ;
Dimensiones 30 x 22 cm.
310 ## - PERIODICIDAD ACTUAL
Periodicidad actual anual
336 ## - TIPO DE CONTENIDO
Término de tipo de contenido texto
Código de tipo de contenido txt
Fuente rdacontent
337 ## - TIPO DE MEDIO
Nombre/término del tipo de medio sin mediación
Código del tipo de medio n
Fuente rdamedia
338 ## - TIPO DE SOPORTE
Nombre/término del tipo de soporte volumen
Código del tipo de soporte nc
Fuente rdacarrier
362 ## - FECHAS DE PUBLICACIÓN Y/O DESIGNACIÓN SECUENCIAL
Fecha de publicación y/o designación secuencial Año 7. septiembre-noviembre, 2015.
520 ## - SUMARIO, ETC.
Sumario, etc. Nueva vez queremos compartir con todos nuestros lectores esta producción salpicada de gustos, sabores, salud y bienestar.
650 #0 - PUNTO DE ACCESO ADICIONAL DE MATERIA--TÉRMINO DE MATERIA
Término de materia o nombre geográfico como elemento de entrada Gastronomía
9 (RLIN) 362
Subdivisión de forma Publicaciones periódicas
650 #0 - PUNTO DE ACCESO ADICIONAL DE MATERIA--TÉRMINO DE MATERIA
Término de materia o nombre geográfico como elemento de entrada Salud
9 (RLIN) 1687
Subdivisión de forma Publicaciones periódicas
650 #0 - PUNTO DE ACCESO ADICIONAL DE MATERIA--TÉRMINO DE MATERIA
Término de materia o nombre geográfico como elemento de entrada Bienestar
9 (RLIN) 89677
Subdivisión de forma Publicaciones periódicas
942 ## - ELEMENTOS DE PUNTO DE ACCESO ADICIONAL (KOHA)
Fuente del sistema de clasificación o colocación Dewey Decimal Classification
Tipo de ítem Koha Publicación periódica
Holdings
Estado de retiro Estado de pérdida Fuente del sistema de clasificación o colocación Estado dañado Restricciones de uso No para préstamo Código de colección Localización permanente Ubicación/localización actual Ubicación en estantería Fecha de adquisición Enumeración/cronología de publicación seriada Total de préstamos Código de barras Fecha visto por última vez Número de copia Precio válido a partir de Tipo de ítem Koha Nota pública
    Dewey Decimal Classification   Préstamo en sala   Hemeroteca Biblioteca Nacional Pedro Henríquez Ureña Biblioteca Nacional Pedro Henríquez Ureña Ordenador y recibido 19.05.2026 Año 7. septiembre-noviembre 2015   2026-4385 20.05.2026 e.1 19.05.2026 Publicación periódica Disponible para consulta en Hemeroteca.
    Dewey Decimal Classification   Préstamo en sala   Hemeroteca Biblioteca Nacional Pedro Henríquez Ureña Biblioteca Nacional Pedro Henríquez Ureña Ordenador y recibido 19.05.2026 Año 7. septiembre-noviembre 2015   2026-4386 20.05.2026 e.2 19.05.2026 Publicación periódica Disponible para consulta en Hemeroteca.
    Dewey Decimal Classification   Préstamo en sala   Hemeroteca Biblioteca Nacional Pedro Henríquez Ureña Biblioteca Nacional Pedro Henríquez Ureña Ordenador y recibido 19.05.2026 Año 7. No.34, septiembre-noviembre 2016   2026-4387 20.05.2026 e.1 19.05.2026 Publicación periódica Disponible para consulta en Hemeroteca.
    Dewey Decimal Classification   Préstamo en sala   Hemeroteca Biblioteca Nacional Pedro Henríquez Ureña Biblioteca Nacional Pedro Henríquez Ureña Ordenador y recibido 19.05.2026 Año 7. No.34, septiembre-noviembre 2016     20.05.2026 e.2 19.05.2026 Publicación periódica Disponible para consulta en Hemeroteca.
    Dewey Decimal Classification   Préstamo en sala   Hemeroteca Biblioteca Nacional Pedro Henríquez Ureña Biblioteca Nacional Pedro Henríquez Ureña Ordenador y recibido 19.05.2026 Año 9. No.38, septiembre-noviembre 2017   2026-4388 20.05.2026 e.1 19.05.2026 Publicación periódica Disponible para consulta en Hemeroteca.
    Dewey Decimal Classification   Préstamo en sala   Hemeroteca Biblioteca Nacional Pedro Henríquez Ureña Biblioteca Nacional Pedro Henríquez Ureña Ordenador y recibido 19.05.2026 Año 9. No.38, septiembre-noviembre 2017   2026-4389 20.05.2026 e.2 19.05.2026 Publicación periódica Disponible para consulta en Hemeroteca.

Powered by Koha